|
|
|
|
| LEADER |
00000cam a2200000 a 4500 |
| 001 |
vtls008351720 |
| 003 |
SK-MaSNL |
| 005 |
20260301075227.0 |
| 008 |
240509s1972 xo a e n 000 0 cze |
| 015 |
|
|
|a SNBA1973/04-00773
|
| 035 |
|
|
|a SK01SNK19730043937
|
| 035 |
|
|
|a SKM000046400
|
| 040 |
|
|
|a SNK
|b slo
|c SNK
|e AACR2
|
| 041 |
0 |
|
|a cze
|
| 044 |
|
|
|a xo
|c SK
|
| 080 |
|
|
|a 621.33:656.2(075.8)
|2 1981
|
| 080 |
|
|
|a 656.2:621.33(075.8)
|2 1981
|
| 100 |
1 |
|
|a Jansa, František,
|d 1903-1998
|4 aut
|9 182997
|
| 245 |
1 |
0 |
|a Teorie elektrické trakce
|b skriptum ... v 9-tém semestru studijního směru elektrická trakce a energetika v dopravě na VŠD v Žiline
|c František Jansa
|
| 260 |
|
|
|a Bratislava
|b Alfa
|c 1972
|e Bratislava
|f Západoslovenské tlačiarne 42
|
| 300 |
|
|
|a 361, [229] s.
|c 4°
|
| 366 |
|
|
|e 200 výt.
|
| 490 |
0 |
|
|a Dočasné vysokoškolské učebnice
|
| 500 |
|
|
|a Ilustr. Pozn. Odkazy na lit. Tb. Vysvetl. Grafy. Diagramy. Schémy. Zozn.
|
| 650 |
0 |
7 |
|a trakcia elektrická
|x doprava železničná
|2 SNK
|9 399042
|
| 650 |
0 |
7 |
|a doprava železničná
|x trakcia elektrická
|2 SNK
|9 399043
|
| 655 |
|
7 |
|a Textbooks (higher)
|2 SNKPHeng
|9 276436
|
| 655 |
|
7 |
|a učebnice vysokých škôl
|2 SNKPH
|9 70191
|
| 655 |
|
7 |
|a učebnice
|2 SNKPH
|9 22521
|
| 830 |
|
0 |
|a Dočasné vysokoškolské učebnice
|9 278602
|
| 852 |
|
|
|a Slovenská národná knižnica v Martine
|b 10000
|h SB 19382
|
| 852 |
|
|
|a Slovenská národná knižnica v Martine
|b 10000
|h SB 19382 D1
|
| 958 |
|
|
|a OND
|
| 958 |
|
|
|a RM
|
| 958 |
|
|
|a RK
|
| 958 |
|
|
|a NB
|
| 958 |
|
|
|a UV
|
| 999 |
|
|
|c 649539
|d 651469
|
| 952 |
|
|
|a SNK
|b SNK
|y PREZ
|7 0
|p 17A0898022
|o snkSB 19382
|i snkKSP 3392/73
|0 0
|1 0
|4 0
|d 2015-02-17
|l 0
|r 2025-03-20 00:00:00
|w 2026-02-23
|
| 952 |
|
|
|a SNK
|b SNK
|y VYP
|7 0
|o snkSB 19382 D1
|i snkKSP 3393/73
|0 0
|1 0
|4 0
|d 2015-02-17
|l 0
|r 2026-02-23 18:18:33
|w 2026-02-23
|
| 952 |
|
|
|a SNK
|b SNK
|y VYP
|7 0
|o snkSB 19382 D2
|i snkD 1396/76
|0 0
|1 0
|4 0
|d 2015-02-17
|l 0
|r 2026-02-23 18:18:33
|w 2026-02-23
|